1583 1278 1591 1058 1829 1816 1573 1111 1584 1787 1264 1178 1562 1257 1848 1252 1510 1484 1112 1129 1417 1004 1650 1237 1238 1983 1553 1684 1183 1745 1863 1463 1528 1475 1489 1583 1548 1897 1703 1432 1157 1443 1575 1825 1069 1791 1568 1305 1200 1737 1384 1595 1908 1130 1625 1552 1978 1492 1122 1312 1888 1123 1356 1552 1208 1244 1609 1524 1330 1127 1217 1737 1673 1748 1547 1987 1162 1891 1538 1073 1732 1338 1157 1858 1517 1442 1663 1930 1409 1132 1737 1391 1228 1417 1725 1512 1808 1798 1712 BCNSPRNW ULIB Ver.6.0+V

เปลี่ยนเป็นภาษาไทย

Change to English
 แสดงรายละเอียดบรรณานุกรม
  กลับหน้าหลัก

Brief Record : Get Marc (ISO 2709) : E-mail record : QR code < ปิดหน้าต่าง
LEADER : 00000nam 2200000uu 4500
001    13399112894
003     ULIB
008    110916s2552||||th 000 0 tha d
020    9786115000067
090    นว.^bณ410ป 2552
100 0  ณารา
245 00 ปฏิบัติการล่าตามหาหัวใจ/^cณารา
250    พิมพ์ครั้งที่ 4
260    กรุงเทพฯ :^bพิมพ์คำ,^c2552
300    384 หน้า
945    ^p250^l0^i16309
995    กัณชพร
999    ^aใช้งานได้ทุกระบบ
รายการนี้ยังไม่มีแท็ก
คุณยังไม่ได้ล็อกอิน คุณสามารถมีกิจกรรมร่วมกับเว็บไซต์ได้ แต่ต้องล็อกอินก่อน ::
  ล็อกอิน

รายการสื่อสารสนเทศ

ลำดับที่ ประเภท เลขเรียก/บาร์โค้ด สถานที่ สถานะ
1. นวนิยาย
นวนิยาย
นว. ณ410ป 2552  
  Barcode: 16309
ห้องสมุดวิทยาเขตสวรรค์ประชารักษ์
►นวนิยาย
บนชั้น
  ขอยืม

รายการใกล้เคียง
    ผู้แต่ง [ณารา]

BibComment


ยังไม่เคยถูกคอมเมนท์

คอมเมนท์ทรัพยากรรายการนี้
  คอมเมนท์: ปฏิบัติการล่าตามห..


 Copyright 2026. Bcnsprnw @Library